Die design fundamentals (Record no. 22172)
[ view plain ]
| 000 -LEADER | |
|---|---|
| fixed length control field | 00301nam a2200133Ia 4500 |
| 082 ## - DEWEY DECIMAL CLASSIFICATION NUMBER | |
| Classification number | 621.984 |
| 100 ## - MAIN ENTRY--PERSONAL NAME | |
| Personal name | Paquin/ J.R./ Crowley/R.E |
| 245 ## - TITLE STATEMENT | |
| Title | Die design fundamentals |
| 260 ## - PUBLICATION, DISTRIBUTION, ETC. | |
| Name of publisher, distributor, etc. | Industrial Press |
| Place of publication, distribution, etc. | NEWYORK |
| Date of publication, distribution, etc. | 1962 |
| 300 ## - PHYSICAL DESCRIPTION | |
| Extent | 256 |
| 546 ## - LANGUAGE NOTE | |
| Language note | ENGLISH |
| 654 ## - SUBJECT ADDED ENTRY--FACETED TOPICAL TERMS | |
| Focus term | Die Design |
| 942 ## - ADDED ENTRY ELEMENTS (KOHA) | |
| Koha item type | BOOK |
| Withdrawn status | Lost status | Damaged status | Not for loan | Collection | Home library | Current library | Date acquired | Source of acquisition | Cost, normal purchase price | Inventory number | Total Checkouts | Full call number | Barcode | Date due | Date last seen | Date last checked out | Cost, replacement price | Price effective from | Koha item type |
|---|---|---|---|---|---|---|---|---|---|---|---|---|---|---|---|---|---|---|---|
| AFT | Fr. Agnel's C.Rodrigues College of Engineering | Fr. Agnel's C.Rodrigues- College of Engineering | 17/03/2023 | UBS | 227.25 | T-49 | 1 | 621.984 | AFT3216 | 12/08/2015 | 12/06/2023 | 12/06/2023 | 227.25 | 17/03/2023 | BOOK |